5HLuxD.jpg

KING HENRY VIII SENIOR AND PRIMARY SCHOOL LIBRARY OPAC

Lockdown : (Record no. 169)

000 -LEADER
fixed length control field 01339cam a2200397Ia 4500
001 - CONTROL NUMBER
control field 587198696
003 - CONTROL NUMBER IDENTIFIER
control field OCoLC
005 - DATE AND TIME OF LATEST TRANSACTION
control field 20190729140622.0
008 - FIXED-LENGTH DATA ELEMENTS--GENERAL INFORMATION
fixed length control field 100329s2010 nyu 000 1 eng d
010 ## - LIBRARY OF CONGRESS CONTROL NUMBER
LC control number 2008043439
020 ## - INTERNATIONAL STANDARD BOOK NUMBER
International Standard Book Number 9780312611934 (pbk.)
020 ## - INTERNATIONAL STANDARD BOOK NUMBER
International Standard Book Number 0312611935 (pbk.)
035 ## - SYSTEM CONTROL NUMBER
System control number (OCoLC)587198696
040 ## - CATALOGING SOURCE
Original cataloging agency BTCTA
Language of cataloging eng
Transcribing agency BTCTA
Modifying agency HSA
-- NYP
049 ## - LOCAL HOLDINGS (OCLC)
Holding library NYPP
082 00 - DEWEY DECIMAL CLASSIFICATION NUMBER
Classification number FIC SMI
Edition number 22
091 ## - MICROFILM SHELF LOCATION (AM) [OBSOLETE]
Microfilm shelf location FIC
100 1# - MAIN ENTRY--PERSONAL NAME
Personal name Smith, Alexander Gordon,
Dates associated with a name 1979-
Relator term author
245 10 - TITLE STATEMENT
Title Lockdown :
Remainder of title a thriller /
Statement of responsibility, etc. Alexander Gordon Smith.
246 34 - VARYING FORM OF TITLE
Title proper/short title Lockdown :
Remainder of title escape from Furnace.
250 ## - EDITION STATEMENT
Edition statement 1st Square Fish ed.
260 ## - PUBLICATION, DISTRIBUTION, ETC.
Place of publication, distribution, etc. New York :
Name of publisher, distributor, etc. Square Fish,
Date of publication, distribution, etc. 2010, c2009.
300 ## - PHYSICAL DESCRIPTION
Extent 290 p. ;
Dimensions 21 cm.
490 0# - SERIES STATEMENT
Series statement Escape from Furnace ;
Volume/sequential designation 1.
520 ## - SUMMARY, ETC.
Summary, etc. When fourteen-year-old Alex is framed for murder, he becomes an inmate in the Furnace Penitentiary, where brutal inmates and sadistic guards reign, boys who disappear in the middle of the night sometimes return weirdly altered, and escape might just be possible.
650 #0 - SUBJECT ADDED ENTRY--TOPICAL TERM
Topical term or geographic name entry element Prisons
Form subdivision Fiction.
650 #0 - SUBJECT ADDED ENTRY--TOPICAL TERM
Topical term or geographic name entry element False imprisonment
Form subdivision Fiction.
650 #0 - SUBJECT ADDED ENTRY--TOPICAL TERM
Topical term or geographic name entry element Escapes
Form subdivision Fiction.
655 #7 - INDEX TERM--GENRE/FORM
Genre/form data or focus term Science fiction.
Source of term lcgft.
901 ## - LOCAL DATA ELEMENT A, LDA (RLIN)
a ika
b CMC
c CATBL
901 ## - LOCAL DATA ELEMENT A, LDA (RLIN)
a MARS
908 00 - PUT COMMAND PARAMETER (RLIN)
Put command parameter PZ7.S6423
942 ## - ADDED ENTRY ELEMENTS (KOHA)
Source of classification or shelving scheme
Koha item type Books - Fiction
945 ## - LOCAL PROCESSING INFORMATION (OCLC)
a .b184606627
946 ## - LOCAL PROCESSING INFORMATION (OCLC)
a m
Holdings
Withdrawn status Lost status Source of classification or shelving scheme Damaged status Not for loan Collection code Permanent Location Current Location Shelving location Date acquired Total Checkouts Total Renewals Full call number Barcode Date last seen Date last checked out Price effective from Koha item type
          Fiction KH8 Senior School Library KH8 Senior School Library Fiction 2019-07-29 4 1 FIC SMI 3KHSL000101112 2025-01-23 2024-12-05 2019-07-29 Books - Fiction

Powered By KH8 IT Dept